| 000 | 01121nam a22002057a 4500 | ||
|---|---|---|---|
| 003 | OSt | ||
| 005 | 20260408092254.0 | ||
| 008 | 260408b |||||||| |||| 00| 0 ESP d | ||
| 082 | _29583200638 | ||
| 100 | _aJUAN ANTONIO OLLERO | ||
| 245 | _aAPRENDE INGLES MI PRIMERA GRAMATICA VOL3 | ||
| 250 | _a1RA EDICION VOL3 | ||
| 260 |
_aBarcelona (España) o Bogotá (Colombia) _bGRUPO EDITORIAL OCEANO _c1986 y 1987 |
||
| 300 |
_a168 PAG _c 18 x 25 cm |
||
| 490 | _3 tapa dura (cartoné). | ||
| 520 | _a3. Elementos Clave del Método Bilingüismo guiado: Las explicaciones están en español, pero los ejercicios y ejemplos están diseñados para forzar el pensamiento en inglés. Apoyo Multimedia: Originalmente venía con un maletín que incluía CDs o DVDs, ya que el libro enfatiza que "el inglés entra por el oído".Versatilidad: Aunque visualmente parece infantil por sus dibujos, el contenido gramatical es lo suficientemente sólido para adultos que empiezan desde cero. | ||
| 650 |
_aFonética y Pronunciación _vConectores _xVerbos Modales y Auxiliares |
||
| 700 | _aJUAN ANTONIO OLLERO | ||
| 942 |
_2ddc _cBKA _n0 |
||
| 999 |
_c2051 _d2051 |
||